000 00826cab a2200253 4500
001 WB3211-55
008 090401t1996 xxu||||| |||| 00| 0 eng d
035 _a(Sirsi) u50985
041 _aeng
245 _aSolicitors advice to lender
260 _c1996
350 _a0
490 _aEstates Gazette Case Summaries
_v[1996] EGCS 39(1) (9/3/96)
520 _a"Hypo-Mortgage Services Ltd v David Parry and Co" ChD 23 February 1996. Lender claimed damages for loss suffered due to solicitors` advice. Lender`s claim failed.
650 _aBREACH OF CONTRACTUAL DUTY
650 _aMORTGAGE LENDERS
650 _aMORTGAGE REPAYMENT
650 _aNEGLIGENCE
650 _aREPOSSESSION
650 _aSOLICITORS
690 _aMANAGEMENT-BUSINESS MANAGEMENT-PROFESSIONAL PRACTICE
942 _n0
948 _c04/03/1997
999 _c31816
_d31816